| 000 | 01047nac a22003011i 4500 | ||
|---|---|---|---|
| 003 | EG-ScBUE | ||
| 005 | 20250723091302.0 | ||
| 008 | 250717t1999 maua f b 001 0 eng d | ||
| 020 | _a0395918480 | ||
| 020 | _a978039518487 | ||
| 040 |
_aEG-ScBUE _beng _erda _cEG-ScBUE _dEG-ScBUE |
||
| 082 | 0 | 4 |
_a541.3 _bLAI _222 |
| 100 | 1 |
_aLaidler, Keith J. _q(Keith James), _d1916-2003, _eauthor. |
|
| 245 | 1 | 0 |
_aPhysical chemistry / _cKeith J. Laidler, University of Ottawa, emeritus, John H. Meiser, Ball State University. |
| 250 | _aThird edition. | ||
| 264 | 1 |
_aBoston, MA : _bHoughton Mifflin Company, _c[1999] |
|
| 264 | 4 | _cc1999 | |
| 300 |
_axvi, 1019 pages : _billustrations ; _c24 cm |
||
| 336 |
_2rdacontent _atext _btxt |
||
| 337 |
_aunmediated _2rdamedia _bn |
||
| 338 |
_avolume _bnc _2rdacarrier |
||
| 500 | _aIncludes Appendices. | ||
| 504 | _aIncludes bibliographical references and index. | ||
| 650 | 7 |
_aChemistry, Physical and theoretical. _2BUEsh |
|
| 655 | _vReading book | ||
| 700 | 1 |
_aMeiser, John H., _eauthor. |
|
| 942 |
_cBB _2ddc |
||
| 999 |
_c1429 _d1429 |
||